000 00750nam a2200229 a 4500
001 63500
003 BD-RjUL
005 20211209081214.0
008 170130b2010 bg ||||| |||| 00| 0 ben d
020 _a9789848867129
_c: Tk.50.00
035 _a(BD-RjUL)63629
040 _aBD-RjUL
_bben
_cBD-RjUL
_dBD-RjUL
041 _aben
082 _223
_a891.441
_bAHB 2009
100 _aআহমদ, রাজু
_9170417
245 1 0 _aব্যাঙের শ্বশুর বাড়ি /
_cরাজু আহমদ
260 _aরাজশাহী :
_bঐশিক,
_c২০০৯
300 _a৪০ পৃ. ;
_c২৩ সেমি.
650 _aবাংলা কবিতা
_9179513
650 _aBengali Poetry
_9179514
942 _2ddc
_cBK
999 _c63500
_d63500